[Event "Wuerttemberg-chT Rapid"]
[Site "Boeblingen"]
[Date "2024.04.13"]
[Round "5.16"]
[White "Schaffert, Walter"]
[Black "Sokratov, Stanislav"]
[Result "0-1"]
[WhiteElo "2033"]
[BlackElo "2146"]
[PlyCount "96"]
[EventDate "2024.04.13"]
[EventType "team-tourn"]
[EventRounds "9"]
[EventCountry "GER"]
[SourceTitle "CBM 219 Extra"]
[Source "ChessBase"]
[SourceDate "2024.05.31"]
[SourceVersion "1"]
[SourceVersionDate "2024.05.31"]
[SourceQuality "1"]

1. e4 c6 2. d4 d5 3. exd5 cxd5 4. c4 Nf6 5. Nc3 e6 6. Nf3 Bb4 7. cxd5 Nxd5 8. Bd2 b6 9. a3 Nxc3 10. bxc3 Bd6 11. Bd3 Bb7 12. Qe2 Nd7 13. a4 a6 14. Rb1 Qc7 15. Be4 Bxe4 16. Qxe4 0-0 17. 0-0 Rfc8 18. Rfc1 Qc4 19. Ng5 Nf6 20. Qb7 Bc7 21. Qf3 h6 22. Nh3 Qxa4 23. Bxh6 Qc4 24. Bg5 Nd5 25. Bh4 b5 26. Ng5 Nf6 27. Nh3 Qd5 28. Qd3 Qe4 29. Qxe4 Nxe4 30. f3 Nd2 31. Rb2 Nc4 32. Ra2 a5 33. Rb1 Rcb8 34. Nf2 a4 35. Bg3 Bxg3 36. hxg3 Ne3 37. Nd3 Nd5 38. Rc1 Rb6 39. Nc5 Rc8 40. c4 bxc4 41. Rxc4 e5 42. Nd7 Rxc4 43. Nxb6 Nxb6 44. dxe5 g5 45. Rb2 Nd5 46. Rd2 Nc3 47. Rc2 a3 48. Kf2 a2 0-1

[Event "Oberliga Wuerttemberg 2324"]
[Site "Wuerttemberg"]
[Date "2024.02.18"]
[Round "6.5"]
[White "Sokratov, Stanislav"]
[Black "Gustain, Marc"]
[Result "0-1"]
[WhiteElo "2184"]
[BlackElo "2174"]
[PlyCount "86"]
[EventDate "2023.09.17"]
[EventType "team-tourn"]
[EventRounds "9"]
[EventCountry "GER"]
[SourceTitle "EXT 2025"]
[Source "ChessBase"]
[SourceDate "2024.10.14"]
[SourceVersion "1"]
[SourceVersionDate "2024.10.14"]
[SourceQuality "1"]
[WhiteTeam "Biberach"]
[BlackTeam "Deizisau II"]
[WhiteTeamCountry "GER"]
[BlackTeamCountry "GER"]

1. d4 d5 2. Nf3 Nc6 3. Bf4 Bg4 4. e3 e6 5. c3 Bd6 6. h3 Bh5 7. Nbd2 Nf6 8. Qc2 0-0 9. Bd3 Bg6 10. Bxg6 hxg6 11. Ne5 Ne7 12. g4 c5 13. Bg3 Nc6 14. f4 Qc7 15. Qd3 b5 16. 0-0 cxd4 17. cxd4 Qb7 18. Nxc6 Qxc6 19. Rfc1 Qb7 20. Rc2 Rfc8 21. Rac1 a6 22. Kg2 Bb4 23. Nf3 Ne4 24. Be1 Bxe1 25. Nxe1 Nd6 26. Kf3 Rxc2 27. Rxc2 Rc8 28. Qd1 Ne4 29. g5 Rc4 30. b3 Rc3 31. Rxc3 Nxc3 32. Qc2 b4 33. Nd3 Qb5 34. a4 Qb6 35. Nc5 a5 36. h4 Qc7 37. Qd3 Qc8 38. Qa6 Qxa6 39. Nxa6 Nxa4 40. Nc5 Nxc5 41. dxc5 Kf8 42. e4 a4 43. exd5 a3 0-1

[Event "Oberliga Wuerttemberg 2324"]
[Site "Wuerttemberg"]
[Date "2023.10.15"]
[Round "2.4"]
[White "Schuh, Karsten"]
[Black "Sokratov, Stanislav"]
[Result "0-1"]
[WhiteElo "2134"]
[BlackElo "2174"]
[PlyCount "158"]
[EventDate "2023.09.17"]
[EventType "team-tourn"]
[EventRounds "9"]
[EventCountry "GER"]
[SourceTitle "EXT 2025"]
[Source "ChessBase"]
[SourceDate "2024.10.14"]
[SourceVersion "1"]
[SourceVersionDate "2024.10.14"]
[SourceQuality "1"]
[WhiteTeam "Boeblingen"]
[BlackTeam "Biberach"]
[WhiteTeamCountry "GER"]
[BlackTeamCountry "GER"]

1. Nf3 d5 2. c4 e6 3. g3 Nf6 4. Bg2 dxc4 5. 0-0 a6 6. a4 b6 7. Ne5 Ra7 8. Nxc4 Bb7 9. Nc3 Bxg2 10. Kxg2 c5 11. d3 Nc6 12. Bg5 Be7 13. Bxf6 Bxf6 14. Qb3 Rb7 15. e3 0-0 16. Rfd1 Qb8 17. Ne4 Be7 18. Ncd2 Rd8 19. Nf3 Ne5 20. Nxe5 Qxe5 21. f4 Qf5 22. Nf2 h5 23. Qc4 Qd5+ 24. Qxd5 Rxd5 25. Kf3 Bf6 26. Rd2 c4 27. d4 b5 28. axb5 axb5 29. Rc2 Rd8 30. b3 cxb3 31. Rb2 Rc8 32. Ra3 Rc3 33. Raxb3 Bxd4 34. Rxc3 Bxc3 35. Rb3 b4 36. Ne4 Bf6 37. h3 Be7 38. g4 hxg4+ 39. hxg4 g6 40. g5 Kf8 41. Ke2 Ke8 42. Kd3 Kd7 43. Nf2 Rc7 44. Ng4 Bd6 45. Nf6+ Kc6 46. Ne8 Rb7 47. Kc4 Bc5 48. Nf6 Ra7 49. Ng4 Bd6 50. Nh6 Rc7 51. Rd3 Kb6+ 52. Kb3 Bc5 53. e4 Kb5 54. Rd8 Be3 55. Rf8 Rc3+ 56. Kb2 Bxf4 57. Nxf7 Bc1+ 58. Kb1 Ka4 59. Nd8 Bxg5 60. Nxe6 Be3 61. Kb2 Rc6 62. Nf4 Bd4+ 63. Kb1 Kb3 64. Ne2 Bc3 65. Nc1+ Kc4 66. Rf4 Bd2 67. Rg4 Bxc1 68. Kxc1 Kd3+ 69. Kb2 Ke3 70. e5 Re6 71. Kb3 Kf3 72. Rg1 Kf4 73. Kxb4 Kxe5 74. Kc4 Kf4 75. Kd5 Ra6 76. Rf1+ Ke3 77. Rg1 Kf2 78. Rg4 Kf3 79. Rg1 g5 0-1

[Event "Oberliga Wuerttemberg 2223"]
[Site "Wuerttemberg"]
[Date "2023.03.05"]
[Round "7.8"]
[White "Goldinov, Daniel"]
[Black "Sokratov, Stanislav"]
[Result "0-1"]
[WhiteElo "1789"]
[BlackElo "2177"]
[PlyCount "56"]
[EventDate "2022.09.18"]
[EventType "team-tourn"]
[EventRounds "9"]
[EventCountry "GER"]
[SourceTitle "EXT 2025"]
[Source "ChessBase"]
[SourceDate "2024.10.14"]
[SourceVersion "1"]
[SourceVersionDate "2024.10.14"]
[SourceQuality "1"]
[WhiteTeam "Stuttgart SF II"]
[BlackTeam "Biberach"]
[WhiteTeamCountry "GER"]
[BlackTeamCountry "GER"]

1. d4 d5 2. Nc3 Nf6 3. Bf4 a6 4. e3 Bf5 5. Nf3 e6 6. Ne5 h6 7. Bd3 Bxd3 8. cxd3 Bd6 9. Bg3 0-0 10. f4 c5 11. dxc5 Bxc5 12. d4 Bb4 13. 0-0 Bxc3 14. bxc3 Ne4 15. Qd3 Nc6 16. Be1 Nxe5 17. fxe5 Rc8 18. Rc1 Rc4 19. Rf4 Qc7 20. Rc2 b5 21. a3 Ra4 22. Rxe4 dxe4 23. Qd1 Rxa3 24. c4 Rxe3 25. Qc1 Rd3 26. cxb5 Qb6 27. Bf2 Qxb5 28. h3 Qb3 0-1

[Event "Oberliga Wuerttemberg 2122"]
[Site "Wuerttemberg"]
[Date "2021.12.19"]
[Round "4.1"]
[White "Koellner, Ruben Gideon"]
[Black "Sokratov, Stanislav"]
[Result "1-0"]
[WhiteElo "2432"]
[BlackElo "2198"]
[PlyCount "119"]
[EventDate "2021.09.19"]
[EventType "team-tourn"]
[EventRounds "9"]
[EventCountry "GER"]
[SourceTitle "EXT 2023"]
[Source "ChessBase"]
[SourceDate "2022.10.05"]
[SourceVersion "1"]
[SourceVersionDate "2022.10.05"]
[SourceQuality "1"]
[WhiteTeam "Deizisau II"]
[BlackTeam "Biberach"]
[WhiteTeamCountry "GER"]
[BlackTeamCountry "GER"]

1. d4 e6 2. Nf3 Nf6 3. Bg5 c5 4. e3 Qb6 5. Nbd2 cxd4 6. Nxd4 d5 7. Bxf6 gxf6 8. N4b3 Nc6 9. Be2 e5 10. 0-0 Be6 11. Rc1 0-0-0 12. c3 Rg8 13. Re1 Be7 14. Qc2 f5 15. c4 Kb8 16. a3 e4 17. cxd5 Bxd5 18. Nc4 Bxc4 19. Qxc4 Ne5 20. Qa4 Qh6 21. Nd4 Qg6 22. g3 Rc8 23. Qa5 Bd6 24. Red1 Ka8 25. Nb5 Bb8 26. Nxa7 Bxa7 27. Qxe5 Rxc1 28. Rxc1 Rd8 29. Qe7 Bb6 30. Rc4 h5 31. Qe5 Qd6 32. Qxf5 Qd2 33. Rc8+ Rxc8 34. Qxc8+ Ka7 35. Qc4 Qxb2 36. Qa4+ Kb8 37. Bxh5 f5 38. Bg6 Qb1+ 39. Kg2 Qb2 40. Bxf5 Bxe3 41. Qe8+ Ka7 42. Qxe4 Qxf2+ 43. Kh3 Qf1+ 44. Kh4 Bg1 45. h3 Qc1 46. Qa4+ Kb8 47. Qf4+ Qxf4+ 48. gxf4 b5 49. Bd3 Bc5 50. Bxb5 Bxa3 51. f5 Kc7 52. Kg5 Kd6 53. f6 Ke5 54. h4 Bf8 55. h5 Ke6 56. Bc4+ Ke5 57. Kg6 Kd4 58. Ba2 Ke5 59. Bb3 Bh6 60. Kxh6 1-0

[Event "Oberliga Wuerttemberg 1718"]
[Site "Wuerttemberg"]
[Date "2017.12.10"]
[Round "5"]
[White "Reindl, Arno"]
[Black "Sokratov, Stanislav"]
[Result "0-1"]
[WhiteElo "2028"]
[BlackElo "2180"]
[PlyCount "72"]
[EventDate "2017.09.17"]
[EventType "team-tourn"]
[EventRounds "9"]
[EventCountry "GER"]
[SourceTitle "EXT 2019"]
[Source "ChessBase"]
[SourceDate "2018.10.10"]
[SourceVersion "1"]
[SourceVersionDate "2018.10.10"]
[SourceQuality "1"]
[WhiteTeam "Schwaebisch Gmuend"]
[BlackTeam "Biberach"]
[WhiteTeamCountry "GER"]
[BlackTeamCountry "GER"]

1. e4 c5 2. Nf3 Nc6 3. Bb5 g6 4. 0-0 Bg7 5. Bxc6 dxc6 6. d3 Nf6 7. Nc3 Bg4 8. h3 Bxf3 9. Qxf3 Qd6 10. Qe2 Nh5 11. Be3 Nf4 12. Qd2 g5 13. Ne2 Be5 14. h4 h6 15. Rab1 Rg8 16. Bxf4 gxf4 17. f3 0-0-0 18. Kh1 Qf6 19. g3 fxg3 20. Kg2 h5 21. Rh1 Rg4 22. Qe3 Bd4 23. Nxd4 cxd4 24. Qd2 Rf4 25. Rbf1 Rg8 26. Qa5 Rxh4 27. Qxa7 Rh2+ 28. Rxh2 gxh2+ 29. Kf2 Qh4+ 30. Ke2 Rg2+ 31. Kd1 Qf4 32. Qa8+ Kc7 33. Qa5+ Kd7 34. Qb4 Qxf3+ 35. Rxf3 h1Q+ 36. Qe1 Rg1 0-1

[Event "Oberliga Wuerttemberg 1617"]
[Site "Wuerttemberg"]
[Date "2016.10.30"]
[Round "3.2"]
[White "Braeuning, Rudolf Wilhelm"]
[Black "Sokratov, Stanislav"]
[Result "1/2-1/2"]
[WhiteElo "2356"]
[BlackElo "2217"]
[PlyCount "127"]
[EventDate "2016.09.25"]
[EventType "team-tourn"]
[EventRounds "11"]
[EventCountry "GER"]
[SourceTitle "EXT 2019"]
[Source "ChessBase"]
[SourceDate "2018.10.10"]
[SourceVersion "1"]
[SourceVersionDate "2018.10.10"]
[SourceQuality "1"]
[WhiteTeam "Bebenhausen"]
[BlackTeam "Biberach"]
[WhiteTeamCountry "GER"]
[BlackTeamCountry "GER"]

1. e4 c6 2. d4 d5 3. exd5 cxd5 4. c4 Nf6 5. Nc3 Nc6 6. Bg5 dxc4 7. d5 Ne5 8. Qd4 h6 9. Bf4 Ng6 10. Bxc4 Nxf4 11. Qxf4 g5 12. Qe3 Bg7 13. Nf3 a6 14. 0-0 0-0 15. Rfe1 Re8 16. Rad1 Qd6 17. h3 Bf5 18. Ne5 Nd7 19. Nf3 Qc5 20. Qe2 Nb6 21. Bb3 Rad8 22. Ne5 Nd7 23. Nxf7 Kxf7 24. Qf3 Bxc3 25. bxc3 Kg6 26. g4 Bxg4 27. hxg4 Rf8 28. Qe4+ Kg7 29. Qxe7+ Rf7 30. Qxc5 Nxc5 31. Rd4 Rf3 32. Re3 Rf4 33. d6 Nxb3 34. Re7+ Kf6 35. Rxf4+ gxf4 36. axb3 b5 37. Re4 Rxd6 38. Rxf4+ Kg5 39. Re4 Rd3 40. c4 Rxb3 41. cxb5 axb5 42. Kg2 h5 43. gxh5 Kxh5 44. f3 Kg5 45. Kg3 b4 46. Re5+ Kf6 47. Rb5 Rb1 48. Kf4 b3 49. Rb6+ Ke7 50. Kf5 b2 51. f4 Kd7 52. Kf6 Kc7 53. Rb4 Kc6 54. f5 Kc5 55. Rb8 Kc4 56. Kf7 Kc3 57. f6 Rf1 58. Ke7 Re1+ 59. Kd7 Rf1 60. Ke7 b1Q 61. Rxb1 Rxb1 62. f7 Rb7+ 63. Ke6 Rxf7 64. Kxf7 1/2-1/2

[Event "Oberliga Wuerttemberg 1516"]
[Site "Wuerttemberg"]
[Date "2015.09.20"]
[Round "1.2"]
[White "Sokratov, Stanislav"]
[Black "Shvayger, Yuliya"]
[Result "0-1"]
[WhiteElo "2186"]
[BlackElo "2345"]
[PlyCount "44"]
[EventDate "2015.09.20"]
[EventType "team-tourn"]
[EventRounds "9"]
[EventCountry "GER"]
[SourceTitle "EXT 2019"]
[Source "ChessBase"]
[SourceDate "2018.10.10"]
[SourceVersion "1"]
[SourceVersionDate "2018.10.10"]
[SourceQuality "1"]
[WhiteTeam "Erdmannhausen"]
[BlackTeam "Deizisau"]
[WhiteTeamCountry "GER"]
[BlackTeamCountry "GER"]

1. d4 Nf6 2. c4 e6 3. g3 d5 4. Nf3 dxc4 5. Bg2 a6 6. 0-0 Nc6 7. a4 Na5 8. Bf4 Nb3 9. Ra2 Nd5 10. Nc3 Bb4 11. Ne4 Be7 12. Ned2 Na5 13. Qc1 b5 14. axb5 axb5 15. Qa1 c6 16. Ne5 Bb7 17. Bxd5 cxd5 18. Rb1 f6 19. Nef3 b4 20. Re1 b3 21. Ra3 Qb6 22. e4 0-0 0-1

[Event "Wuerttemberg-ch MT"]
[Site "Stuttgart"]
[Date "2015.09.04"]
[Round "7"]
[White "Smolny, Frieder"]
[Black "Sokratov, Stanislav"]
[Result "0-1"]
[WhiteElo "2156"]
[BlackElo "2192"]
[PlyCount "58"]
[EventDate "2015.08.29"]
[EventType "swiss"]
[EventRounds "9"]
[EventCountry "GER"]
[SourceTitle "EXT 2017"]
[Source "ChessBase"]
[SourceDate "2016.10.25"]
[SourceVersion "1"]
[SourceVersionDate "2016.10.25"]
[SourceQuality "1"]

1. d4 Nf6 2. c4 e6 3. g3 d5 4. Nf3 Bb4+ 5. Bd2 Be7 6. Bg2 0-0 7. 0-0 c6 8. Qc2 Nbd7 9. Bf4 b6 10. Rd1 Bb7 11. Ne5 Nxe5 12. dxe5 Nd7 13. cxd5 cxd5 14. e4 dxe4 15. Bxe4 Bxe4 16. Qxe4 Nc5 17. Qe2 Qc7 18. Nc3 Qb7 19. b4 Nd7 20. Rd4 Rfd8 21. Ne4 Nf8 22. Nd6 Bxd6 23. exd6 f6 24. Rc1 Qf7 25. Rc7 Rd7 26. Rdc4 Rad8 27. Qe4 e5 28. Be3 Qe6 29. Qb7 Qxc4 0-1

[Event "Prague Summer op 1st"]
[Site "Prague"]
[Date "2014.08.11"]
[Round "3"]
[White "Sokratov, Stanislav"]
[Black "Chudinovskih, Alexander N"]
[Result "1-0"]
[WhiteElo "2172"]
[BlackElo "2273"]
[PlyCount "47"]
[EventDate "2014.08.09"]
[EventType "swiss"]
[EventRounds "9"]
[EventCountry "CZE"]
[SourceTitle "CBM 162 Extra"]
[Source "ChessBase"]
[SourceDate "2014.10.17"]
[SourceVersion "1"]
[SourceVersionDate "2014.10.17"]
[SourceQuality "1"]

1. d4 Nf6 2. c4 e6 3. g3 c5 4. d5 exd5 5. cxd5 d6 6. Nc3 g6 7. Bg2 Bg7 8. Nf3 0-0 9. 0-0 a6 10. a4 Nbd7 11. h3 Re8 12. Nd2 Rb8 13. Nc4 Ne5 14. Na3 Nh5 15. e4 f5 16. exf5 Bxf5 17. g4 Bxg4 18. hxg4 Qh4 19. gxh5 Ng4 20. Bf4 Bd4 21. Qf3 Rf8 22. Qg3 Qxh5 23. Ne2 Nxf2 24. Nxd4 1-0

[Event "Stuttgart-chA int"]
[Site "Ditzingen"]
[Date "2014.05.30"]
[Round "3"]
[White "Sokratov, Stanislav"]
[Black "Flick, Antoine"]
[Result "1/2-1/2"]
[WhiteElo "2194"]
[BlackElo "2045"]
[PlyCount "71"]
[EventDate "2014.05.29"]
[EventType "swiss"]
[EventRounds "7"]
[EventCountry "GER"]
[SourceTitle "EXT 2015"]
[Source "ChessBase"]
[SourceDate "2014.11.20"]
[SourceVersion "1"]
[SourceVersionDate "2014.11.20"]
[SourceQuality "1"]

1. d4 Nf6 2. c4 g6 3. Nc3 d5 4. cxd5 Nxd5 5. e4 Nxc3 6. bxc3 Bg7 7. Qa4+ c6 8. Be3 0-0 9. Nf3 c5 10. Rd1 Bg4 11. Be2 cxd4 12. cxd4 Nc6 13. 0-0 a6 14. d5 Ne5 15. Qb4 b5 16. Bg5 f6 17. Be3 f5 18. Nd4 Bxe2 19. Nxe2 Rc8 20. Bc5 Rf7 21. Nd4 Qd7 22. Ne6 Nc4 23. Nxg7 Rxg7 24. Bd4 Rf7 25. f3 Qd6 26. Qc3 fxe4 27. fxe4 Rcf8 28. Rxf7 Rxf7 29. Qh3 e5 30. dxe6 Re7 31. Qf3 Rxe6 32. Bc3 Ne5 33. Bxe5 Qxe5 34. Rf1 Qc5+ 35. Kh1 Qe7 36. Re1 1/2-1/2

[Event "Oberliga Wuerttemberg 1213"]
[Site "Wuerttemberg"]
[Date "2013.03.24"]
[Round "8.4"]
[White "Aguettaz, Maxime"]
[Black "Sokratov, Stanislav"]
[Result "1-0"]
[WhiteElo "2377"]
[BlackElo "2178"]
[PlyCount "51"]
[EventDate "2012.09.30"]
[EventType "team-tourn"]
[EventRounds "9"]
[EventCountry "GER"]
[SourceTitle "EXT 2019"]
[Source "ChessBase"]
[SourceDate "2018.10.10"]
[SourceVersion "1"]
[SourceVersionDate "2018.10.10"]
[SourceQuality "1"]
[WhiteTeam "Schwaebisch Hall"]
[BlackTeam "Biberach"]
[WhiteTeamCountry "GER"]
[BlackTeamCountry "GER"]

1. c4 c5 2. Nc3 Nc6 3. g3 g6 4. Bg2 Bg7 5. a3 a6 6. Rb1 Rb8 7. b4 cxb4 8. axb4 b5 9. cxb5 axb5 10. Nf3 Nf6 11. d4 0-0 12. Bf4 d6 13. 0-0 Bf5 14. d5 Bxb1 15. dxc6 Be4 16. Nxe4 Nxe4 17. Qd3 Nf6 18. Rc1 Qc7 19. Nd4 e5 20. Nxb5 Rxb5 21. Qxb5 Rb8 22. Qxb8+ Qxb8 23. c7 Qc8 24. Bb7 Qf8 25. c8Q exf4 26. gxf4 1-0

[Event "Rethymno op 4th"]
[Site "Rethymno"]
[Date "2012.07.08"]
[Round "2"]
[White "Sokratov, Stanislav"]
[Black "Borovikov, Vladislav"]
[Result "0-1"]
[WhiteElo "2192"]
[BlackElo "2569"]
[PlyCount "110"]
[EventDate "2012.07.07"]
[EventType "swiss"]
[EventRounds "9"]
[EventCountry "GRE"]
[SourceTitle "CBM 149 Extra"]
[Source "ChessBase"]
[SourceDate "2012.08.24"]
[SourceVersion "1"]
[SourceVersionDate "2012.08.24"]
[SourceQuality "1"]

1. d4 d5 2. c4 e6 3. Nf3 Nf6 4. g3 Bb4+ 5. Bd2 Bd6 6. c5 Be7 7. Nc3 Ne4 8. Bg2 Nxd2 9. Nxd2 0-0 10. 0-0 Nc6 11. Nf3 b6 12. e4 dxe4 13. Nxe4 Rb8 14. cxb6 cxb6 15. Rc1 Bb7 16. a3 Rc8 17. Qd2 Na5 18. Rxc8 Qxc8 19. Ne5 Rd8 20. Qe3 Qc2 21. Re1 Nc4 22. Nxc4 Qxc4 23. Nd6 Rxd6 24. Bxb7 Qxd4 25. Qxd4 Rxd4 26. Rc1 g6 27. Rc2 a5 28. Kf1 Rd1+ 29. Ke2 Ra1 30. Ba6 Bc5 31. h4 Kg7 32. Bc4 Bd4 33. Rd2 e5 34. Bd5 f5 35. Rc2 Bc5 36. Bc4 Kf6 37. Bd5 e4 38. Bg8 h6 39. Rd2 Rh1 40. Bc4 g5 41. hxg5+ hxg5 42. Bd5 Ke5 43. Bc6 Bd4 44. b4 axb4 45. axb4 Bc3 46. Rd5+ Ke6 47. Rd1 Rxd1 48. Kxd1 Bxb4 49. g4 fxg4 50. Bxe4 Ke5 51. Bc6 Kf4 52. Ke2 g3 53. Kf1 Bc5 54. f3 Ke3 55. Kg2 Bd6 0-1

[Event "Staufer op 24th"]
[Site "Schwaebisch Gmuend"]
[Date "2012.01.05"]
[Round "8"]
[White "Samak, Alexander"]
[Black "Sokratov, Stanislav"]
[Result "1/2-1/2"]
[WhiteElo "2101"]
[BlackElo "2208"]
[PlyCount "48"]
[EventDate "2012.01.02"]
[EventType "swiss"]
[EventRounds "9"]
[EventCountry "GER"]
[SourceTitle "CBM 146 Extra"]
[Source "ChessBase"]
[SourceDate "2012.02.29"]
[SourceVersion "1"]
[SourceVersionDate "2012.02.29"]
[SourceQuality "1"]

1. e4 c5 2. Nf3 Nc6 3. Nc3 e5 4. Bb5 d6 5. d3 Be7 6. Nd2 Nf6 7. Nf1 Bg4 8. f3 Be6 9. Ne3 0-0 10. 0-0 a6 11. Ba4 Nd4 12. Bb3 b5 13. Bd5 Rb8 14. Bxe6 fxe6 15. Ne2 Nh5 16. Ng3 Nf4 17. c3 Nc6 18. Ne2 d5 19. g3 d4 20. gxf4 dxe3 21. Bxe3 exf4 22. Bxf4 e5 23. Be3 Rb7 24. Qc2 Ra7 1/2-1/2